Collins guide to the insects of Britain and Western Europe
Saved in:
| Main Author: | |
|---|---|
| Format: | Book |
| Language: | English |
| Published: |
London :
HarperCollins Publishers,
c2000
|
| Series: | Collins pocket guide
|
| Subjects: | |
| Tags: |
Add Tag
No Tags, Be the first to tag this record!
|
MARC
| LEADER | 00000nam a2200000 i 4500 | ||
|---|---|---|---|
| 001 | 1/2721 | ||
| 008 | 000511s2000 eng d | ||
| 020 | |a 0-00-219137-7 | ||
| 035 | |l 10060542 | ||
| 040 | |a GR-MY-UA |b gre |e aacr | ||
| 041 | 0 | |a eng | |
| 082 | 0 | |a 595.70942 | |
| 100 | 1 | |a Chinery, Michael. | |
| 245 | 1 | 0 | |a Collins guide to the insects of Britain and Western Europe / |c Michael Chinery |
| 260 | |a London : |b HarperCollins Publishers, |c c2000 | ||
| 300 | |a 320 p. |b ill. | ||
| 490 | 1 | |a Collins pocket guide | |
| 504 | |a Includes index | ||
| 650 | 0 | 0 | |a Insects |z Great Britain |x Identification. |
| 650 | 0 | 0 | |a Insects |z Europe, Western |x Identification. |
| 830 | 0 | |a Collins pocket guide | |
| 852 | |a INST |b LESVOS |e 20000511 |h 595.70942 CHI |p 005100024282 |q 005100024282 |t BK |y 0 | ||
| 901 | |a BIBL1-2000-2 | ||
| 909 | |a Λ |b 077911 | ||
| 922 | |a 1ΕΛΗ |b 200004 |c ΚΠΣ/ΤΠ |d GLORY | ||
| 950 | |a 107-1999-12-22 | ||
| 970 | |a ΤΖΑΦΕΡΗ |b ΕΥΑΓΓΕΛΙΑ |z 2000/05/15 | ||